| 000 | 00557nam a2200181Ia 4500 | ||
|---|---|---|---|
| 008 | 151202s9999||||xx |||||||||||||| ||und|| | ||
| 082 | _bPNVM-63006 | ||
| 100 | _aइनामदार ना.स. | ||
| 245 | _aधांडोळा. | ||
| 260 | _b"कान्टिनेंटल प्रकाशन,पुणे." | ||
| 260 | _c63006 | ||
| 300 | _a103 | ||
| 600 | _aइनामदार ना.स. | ||
| 630 | _aधांडोळा. | ||
| 700 | _aइनामदार ना.स. | ||
| 730 | _aधांडोळा. | ||
| 942 | _cBOOK | ||
| 999 |
_c1329540 _d1329537 |
||